000 00847nam a22002417a 4500
005 20150309114113.0
010 _aENG-112122
020 _a9780198090434
_c195.00
020 _a0198090439
_c195.00
035 _aEN-95654
037 _bDBAD/PUB
082 _a320.80954
100 _aMathur, Kuldeep
245 _aPanchayati raj /
_cby Kuldeep Mathur
260 _aNew Delhi
_bOxford University Press
_c2013
270 _aYMCA Library Building, 1, Jai Singh Road,
_bNew Delhi
_e110001
300 _axxix,172p.
_c18cm(pbk)
490 _aOxford india short introductions
500 _aIncludes bibliographical references (pages 148-158) and index.
650 _aPanchayat
_zIndia
_x History
_y20th century.
650 _a Decentralization in government
_zIndia
_xHistory
_y20th century.
942 _2ddc
_cEN
_mMAT
_h320.80954
999 _c91294
_d91294